| 000 | 00621nam a22001817a 4500 | ||
|---|---|---|---|
| 999 |
_c190550 _d190550 |
||
| 005 | 20220727152028.0 | ||
| 010 | _aENG-134064 | ||
| 020 |
_a9788183821322 _c95.00 |
||
| 035 | _aEN-117596 | ||
| 037 | _bDBAD/PUB | ||
| 082 | _a000 | ||
| 100 | _aShah, Gaurav | ||
| 245 |
_aGeneral Knowledge: _bWith Current Affairs/ _cGaurav Shah |
||
| 260 |
_aNew Delhi _bLotus Press Publishers & Distributor _c2011 |
||
| 270 |
_aUnit No. 220, Second Floor, 4735/22, Prakash Deep Building, Ansari Road _bNew Delhi _e110002 _mlotus_press@sify.com _l01123280047 |
||
| 300 |
_a162p. _c22cm(pbk) |
||
| 942 |
_2ddc _cEN _h000 _mSHA |
||